000 00363nam a2200133Ia 4500
008 151001s9999||||xx |||||||||||||| ||und||
100 _aविजय तरवडे
245 _aसारे प्रवासी सौंदर्य तिमिराचे
250 _a1
260 _bतरवडे
260 _c1977
300 _a71
365 _b18
999 _c959579
_d959576